Schurmann, Peter. Die sorbische Bewegung 1945 - 1948 zwischen Selbstbehauptung und Anerkennung. - Bautzen : Domowina-Verl.. - 1998 [Rezension]
| Titel: | Schurmann, Peter. Die sorbische Bewegung 1945 - 1948 zwischen Selbstbehauptung und Anerkennung. - Bautzen : Domowina-Verl.. - 1998 [Rezension] |
|---|---|
| Verfasser: | |
| In: |
Neues Archiv für sächsische Geschichte, Band 70 (1999), Seite 355-356 alle Artikel anzeigen |
| Veröffentlicht: | 1999 [2000] |
| Format: | Aufsatz |
| Sprache: | Deutsch |
X
alg: 39502738 001A $01999:12-11-16 001B $01999:04-08-21 $t21:02:30.000 001D $01999:12-11-16 001U $0utf8 001X $00 002@ $0Aox 003@ $0395027381 007A $0395027381 $aHEB 007T $0Herd31666 010@ $ager 011@ $a1999 $n1999 [2000] 021A $aSchurmann, Peter. Die @sorbische Bewegung 1945 - 1948 zwischen Selbstbehauptung und Anerkennung. - Bautzen : Domowina-Verl.. - 1998 [Rezension] 028A $aJohn $dJürgen 031A $d70 $h355-356 $j1999 039B $aIn $8--Abvc--. Neues Archiv für sächsische Geschichte. - Neustadt a.d. Aisch : Schmidt, 1880-. - ISSN 0944-8195 $x199900000700000645 $9047449519 039T $8--Aau--Schurmann, Peter$Z1961- [Tp3]. Die @sorbische Bewegung 1945 - 1948 zwischen Selbstbehauptung und Anerkennung. - 1. Aufl.. - Bautzen : Domowina-Verl., 1998. - 337 S.. - Kt.. - ISBN 3-7420-1681-4 $9061037508 045F $a900.9438 $eDDC23BSB 045F/01 $a900 045F/03 $g438 045F/03 $g4385 045T $a8,1 lok: 39502738 78 exp: 39502738 78 1 #EPN 201B/01 $018-11-16 $t13:31:33.000 201U/01 $0utf8 203@/01 $0791325997 208@/01 $a12-11-16 $be 209A/01 $a/ $f000 $x00 220C/01 $aTitelaufnehmer: cs 244Z/01 $2Trx $#Silesia $#Śląsk $#Sliezsko $#Slezsko $8--Trx--Schlesien $x01 $9391173987 244Z/01 $2Trx $#Poola $#Lenkija $#Polija $#Polen Land $#Poland $#Lengyelország $#Poľsko $#Polsko $8--Trx--Polska$gkraj $x02 $9391345966 244Z/01 $2Trx $#arvustused $#recenzijos $#Reviews $#recenziók $#recenzje $#recenzie $#recenze $8--Trx--Rezensionen $x03 $9391357441 247C/01 $82080>Marburg/Lahn, Herder-Institut, Forschungsbibliothek, Bibliographieportal $9336309341
| LEADER | 00000caa a22000002c 4500 | ||
|---|---|---|---|
| 001 | 395027381 | ||
| 003 | DE-603 | ||
| 005 | 20210804210230.0 | ||
| 007 | tu | ||
| 008 | 161112s1999 xx |||| | u00||u|ger c | ||
| 035 | |a (DE-599)HEB395027381 | ||
| 040 | |a DE-603 |b ger |c DE-603 |d DE-603 | ||
| 041 | |a ger | ||
| 082 | 0 | 4 | |8 1\u |a 900.9438 |q DE-101 |2 23/BSB |
| 084 | |a 8,1 |2 ssgn | ||
| 085 | |8 1\u |b 900 | ||
| 085 | |8 1\u |z 2 |s 438 | ||
| 085 | |8 1\u |z 2 |s 4385 | ||
| 100 | 1 | |a John, Jürgen | |
| 245 | 0 | 0 | |a Schurmann, Peter. Die sorbische Bewegung 1945 - 1948 zwischen Selbstbehauptung und Anerkennung. - Bautzen : Domowina-Verl.. - 1998 [Rezension] |
| 264 | 0 | |c 1999 [2000] | |
| 773 | 0 | 8 | |i In |t Neues Archiv für sächsische Geschichte |d Neustadt a.d. Aisch : Schmidt, 1880- |x 0944-8195 |g Band 70 (1999), Seite 355-356 |w (DE-603)047449519 |w (DE-600)280274-0 |
| 787 | 0 | 8 | |i Rezension von |a Schurmann, Peter, 1961- |t Die sorbische Bewegung 1945 - 1948 zwischen Selbstbehauptung und Anerkennung |b 1. Aufl. |d Bautzen : Domowina-Verl., 1998 |h 337 S., Kt. |z 3742016814 |w (DE-603)061037508 |
| 924 | 0 | |9 2080 |a (DE-603)791325997 |b DE-2080 |c HES |d d |g / | |


